000 00908cam a2200289 a 4500
001 1637255
003 Nust
005 20211004114430.0
008 961106s1997 nyua 000 0 eng
010 _a 96049004
020 _a9780749394769
038 _aSaba
040 _aDLC
_cDLC
_dDLC
050 0 0 _aDS414.2
_b.M44 1997
082 0 0 _a954
_bMEH
100 1 _aMehta, Gita.
_982919
245 0 0 _aSnakes and ladders :
_bA View of Modern India /
_cGita Mehta.
250 _a1st ed.
260 _aNew York :
_bN.A. Talese,
_c1997.
300 _a224 p. :
_c20 cm.
563 _aPB
651 0 _aIndia
_xDescription and travel.
_93320
856 4 2 _3Publisher description
_uhttp://www.loc.gov/catdir/description/random043/96049004.html
906 _a7
_bcbc
_corignew
_d1
_eocip
_f19
_gy-gencatlg
942 _2ddc
_cBK
999 _c233689
_d233689